Abréviations N°1 - Statistiques

Statistiques générales
  • Ce quiz a été pris 408 fois
  • Le résultat moyen est 9 sur 14
Statistiques - réponses
Terme Abréviation % Correct
Madame Mme
98%
Monsieur M
92%
Mesdames Mmes
89%
Professeur Pr
86%
Professeurs Prs
84%
Docteur Dr
81%
Docteurs Drs
80%
Mademoiseille Mlle
76%
Maître Me
42%
Maîtres Mes
42%
Mesdemoiselles Melles
26%
Messieurs MM
24%
Veuve Vve
24%
Monseigneur Mgr
23%
Aucun quiz correspondant
Distribution des résultats
% des personnes avec chaque résultat
Percentile par nombre de réponses
Votre historique - résultats
Vous n’avez pas pris ce quiz